00919cam a22002657a 450000100090000000300040000900500170001300800410003002000300007104000300010105000180013124501110014926000390026030000450029933600260034433700280037033800270039850400510042565000460047665000260052265000230054865000170057170000280058870000370061620676751OSt20260203143837.0180920t20192019enkd b 001 0 eng c a9780128130148 (Paperback) aNLMbengcNUSTdNUSTerda00aREF RC547 SAV10aHandbook of sleep disorders in medical conditions /cedited by Josée Savard and Marie-Christine Ouellet. aLondon :bAcademic Press,c©2019. axv, 457 pages :bIllustrations ;c24 cm. atextbtxt2rdacontent aunmediatedbn2rdamedia avolumebnc2rdacarrier aIncludes bibliographical references and index. 0aSleep disordersvHandbooks, manuals, etc.12aSleep wake disorders.22aSleepxphysiology.22aComorbidity.1 aSavard, JoséeeEditor1 aOuellet, Marie-ChristineeEditor